[Event "Sparkassen-Open A"]
[Site "Heusenstamm, Martinsee"]
[Date "2019.11.23"]
[Round "4.68"]
[White "Welsch, Roland"]
[Black "Syed, Tareq"]
[Result "0-1"]
[WhiteElo "1802"]
[BlackElo "2027"]
[PlyCount "80"]
[EventDate "2019.??.??"]
[WhiteTeam "SV Multatuli Ingelheim e.V."]
[BlackTeam "SC Brett vorm Kopp"]

1. d4 c6 2. Nf3 d6 3. e3 Na6 4. c3 Nc7 5. Bd3 g6 6. h3 Bg7 7. O-O Nh6 8. e4 f6
9. Be3 Nf7 10. Nbd2 O-O 11. Re1 Bh6 12. Nf1 Bxe3 13. Nxe3 Ne6 14. Bc4 Nf4 15.
Qd2 g5 16. Kh1 Kh8 17. Nf5 e6 18. Ng3 h5 19. d5 cxd5 20. exd5 e5 21. Bd3 Nh6
22. Ne2 Nxd3 23. Qxd3 f5 24. Qd2 f4 25. c4 g4 26. hxg4 hxg4 27. Nh2 Qf6 28. Qc3
b6 29. b4 Bb7 30. Red1 Rac8 31. a4 Rc7 32. Qd3 Rh7 33. Qd2 g3 34. fxg3 Ng4 35.
Kg1 Rxh2 36. Nxf4 exf4 37. Qe2 Rh1+ 38. Kxh1 Qh6+ 39. Kg1 Qh2+ 40. Kf1 Qh1# 0-1

[Event "Sparkassen-Open A"]
[Site "Heusenstamm, Martinsee"]
[Date "2019.11.23"]
[Round "4.69"]
[White "Weber, Jannis"]
[Black "Nickel, Jonas"]
[Result "1-0"]
[WhiteElo "1942"]
[BlackElo "1765"]
[PlyCount "43"]
[EventDate "2019.??.??"]
[WhiteTeam "SV Hennef"]
[BlackTeam "SV Büdingen-Ortenberg"]

1. e4 c5 2. Nf3 g6 3. c3 Bg7 4. d4 cxd4 5. cxd4 d5 6. e5 Bg4 7. Nc3 Nc6 8. Be2
Nh6 9. h3 Bxf3 10. Bxf3 e6 11. g4 Qb6 12. Ne2 O-O 13. Bg2 Rac8 14. O-O Nb4 15.
Bg5 Nc2 16. Rc1 Qxb2 17. Qd2 Nxg4 18. hxg4 Qxa2 19. Be7 Rfe8 20. Bc5 Qa6 21.
Rxc2 b6 22. Ra2 1-0

[Event "Sparkassen-Open A"]
[Site "Heusenstamm, Martinsee"]
[Date "2019.11.23"]
[Round "4.70"]
[White "Baumgarten, Fred"]
[Black "Küpper, Martin"]
[Result "0-1"]
[WhiteElo "1668"]
[BlackElo "1991"]
[PlyCount "98"]
[EventDate "2019.??.??"]
[WhiteTeam "SV Hennef"]
[BlackTeam "SC Fulda"]

1. e4 d5 2. exd5 Nf6 3. Bb5+ Nbd7 4. d4 Nxd5 5. Nf3 e6 6. a3 c5 7. O-O a6 8.
Be2 cxd4 9. Qxd4 Qf6 10. c4 Bc5 11. Qe4 Ne7 12. Nc3 Qf5 13. b4 Ba7 14. Bd3 Qxe4
15. Nxe4 O-O 16. Bb2 Bb8 17. Rad1 Nb6 18. Ba1 a5 19. b5 Nd7 20. Bc2 Ba7 21. Kh1
Ng6 22. g3 Ne7 23. Nd6 Nf6 24. Bxf6 gxf6 25. Be4 Rb8 26. a4 f5 27. Bc2 Bc5 28.
Ne5 f6 29. Nxc8 fxe5 30. Nxe7+ Bxe7 31. Rd7 Bc5 32. Kg2 Rf7 33. Rfd1 Bd4 34.
Rxf7 Kxf7 35. f4 Rc8 36. Bb3 Ke7 37. fxe5 Bxe5 38. Kf3 Bd6 39. Rd4 e5 40. Rh4
Rh8 41. Rh6 e4+ 42. Ke3 Bc5+ 43. Kf4 e3 44. Kf3 Rd8 45. Bc2 Rd2 46. Bxf5 Rf2+
47. Kg4 e2 48. Re6+ Kf7 49. Bd3 Kxe6 0-1

[Event "Sparkassen-Open A"]
[Site "Heusenstamm, Martinsee"]
[Date "2019.11.23"]
[Round "4.71"]
[White "Knödler, Marcel"]
[Black "Ramien, David"]
[Result "1/2-1/2"]
[WhiteElo "1809"]
[BlackElo "2228"]
[PlyCount "77"]
[EventDate "2019.??.??"]
[WhiteTeam "FC Bierstadt"]
[BlackTeam "SG Porz"]

1. c4 g6 2. g3 Bg7 3. Bg2 d6 4. e3 e5 5. Nc3 Nf6 6. Nge2 O-O 7. O-O Re8 8. b4
a5 9. b5 e4 10. Qc2 Nbd7 11. Rb1 Nc5 12. Ba3 Qe7 13. Nd4 h5 14. Nb3 Ncd7 15.
Na4 b6 16. Nd4 Bb7 17. Nc3 Nf8 18. f4 exf3 19. Bxf3 Bxf3 20. Rxf3 Ne6 21. Nc6
Qd7 22. Rbf1 Ng4 23. h3 Ne5 24. Nxe5 Bxe5 25. h4 Rf8 26. Nd5 f5 27. Bb2 Bxb2
28. Qxb2 Qg7 29. Qxg7+ Kxg7 30. a4 Rae8 31. Nf4 Nxf4 32. gxf4 Kf6 33. Kf2 Rc8
34. Rb1 c6 35. Rg3 cxb5 36. Rxb5 Rxc4 37. Rxb6 Rd8 38. Kf3 Rc1 39. Rg2 1/2-1/2

[Event "Sparkassen-Open A"]
[Site "Heusenstamm, Martinsee"]
[Date "2019.11.23"]
[Round "4.72"]
[White "Fröhlich-Dill, Astrid"]
[Black "Eichner, Christian"]
[Result "1/2-1/2"]
[WhiteElo "1871"]
[BlackElo "2061"]
[PlyCount "117"]
[EventDate "2019.??.??"]
[WhiteTeam "SV Hofheim"]
[BlackTeam "SV TuR Dresden"]

1. d4 Nf6 2. c4 g6 3. Nc3 d5 4. Nf3 Bg7 5. e3 O-O 6. Be2 c5 7. cxd5 Nxd5 8. O-O
Nc6 9. Bc4 Nxc3 10. bxc3 Qc7 11. Bb2 Bg4 12. Rc1 Rad8 13. h3 Bf5 14. Qe2 Na5
15. Bd3 Bxd3 16. Qxd3 Rfe8 17. Qb5 a6 18. Qe2 e6 19. Ba3 Bf8 20. Nd2 Qc6 21. f3
Qa4 22. Bxc5 Bxc5 23. dxc5 Qxa2 24. Ra1 Qxd2 25. Qxd2 Rxd2 26. Rxa5 Rc8 27. Rb1
Rc7 28. e4 Kg7 29. Rb6 Rc2 30. Rb3 h5 31. h4 Kf6 32. Kh2 Rd7 33. Ra1 Ke5 34.
Rab1 Rdd2 35. Rg1 Rd3 36. Rxb7 Rxf3 37. c6 Rfxc3 38. Rxf7 Rxc6 39. Rgf1 Re2 40.
R7f6 Rxe4 41. Rxg6 Rxh4+ 42. Kg3 Rg4+ 43. Rxg4 hxg4 44. Kxg4 Kd4 45. Kf4 e5+
46. Kf5 Rc5 47. Rd1+ Kc4 48. g4 a5 49. Rc1+ Kb5 50. Rxc5+ Kxc5 51. g5 a4 52. g6
a3 53. g7 a2 54. g8=Q a1=Q 55. Qc8+ Kd4 56. Qd7+ Ke3 57. Qb5 Qd4 58. Qxe5+
Qxe5+ 59. Kxe5 1/2-1/2

[Event "Sparkassen-Open A"]
[Site "Heusenstamm, Martinsee"]
[Date "2019.11.23"]
[Round "4.73"]
[White "Harringer, Manfred"]
[Black "Tietzen, Stefan"]
[Result "1/2-1/2"]
[WhiteElo "2043"]
[BlackElo "1875"]
[PlyCount "172"]
[EventDate "2019.??.??"]
[WhiteTeam "Bergische SF"]
[BlackTeam "SK Gernsheim"]

1. e4 c5 2. Nf3 e6 3. c3 a6 4. Be2 Nc6 5. O-O Qc7 6. d4 d6 7. Bf4 Nf6 8. Nbd2
e5 9. Bg5 Be7 10. d5 Nb8 11. h3 h6 12. Be3 O-O 13. a4 b6 14. b4 Nbd7 15. Rc1
Bb7 16. g3 Rfc8 17. Nh4 Bf8 18. f4 Qd8 19. f5 Be7 20. Ng2 Nh7 21. Kh2 Rc7 22.
Nb3 Nhf6 23. bxc5 Nxc5 24. Nxc5 dxc5 25. Qc2 Qd6 26. Rb1 Nd7 27. Bg1 Bc8 28.
Ne3 Rb8 29. Rfd1 Qf6 30. Rb2 Bd6 31. Rdb1 Ra7 32. Nc4 Bc7 33. Be3 Kh7 34. Qd2
Bd8 35. Na3 Bb7 36. Rg1 Ba8 37. Rgb1 Bc7 38. Nc4 Rg8 39. Rf1 Bb7 40. Rfb1 Ba8
41. Qd1 g6 42. Bg4 g5 43. Nd2 Qe7 44. Qf1 f6 45. Be2 Bb7 46. Qf2 Rb8 47. Nb3
Bc8 48. a5 Qd6 49. axb6 Bxb6 50. Nd2 Bc7 51. Nc4 Qf8 52. Rxb8 Bxb8 53. Rxb8
Nxb8 54. Bxc5 Re7 55. Kg2 Nd7 56. Bxe7 Qxe7 57. Qa7 Qc5 58. Qxc5 Nxc5 59. Kf3
Na4 60. Nd6 Bd7 61. Bxa6 Nxc3 62. Bd3 Kg7 63. Ke3 Kf8 64. Kd2 Na4 65. Bb5 Nc5
66. Bd3 Ke7 67. Nc4 Nb3+ 68. Ke3 Nd4 69. Nd2 Kd6 70. Nf1 Be8 71. Nd2 Bd7 72.
Ba6 Bb5 73. Bxb5 Nxb5 74. Nb3 Nc3 75. Nd2 Nd1+ 76. Ke2 Nc3+ 77. Kf3 h5 78. g4
h4 79. Nc4+ Kd7 80. Nb2 Nb5 81. Ke3 Nd4 82. Nc4 Nc2+ 83. Kf2 Nd4 84. Na3 Kd6
85. Ke3 Kd7 86. Nc4 Nc2+ 1/2-1/2

[Event "Sparkassen-Open A"]
[Site "Heusenstamm, Martinsee"]
[Date "2019.11.23"]
[Round "4.74"]
[White "Walbrecht, Quirin"]
[Black "Altenbernd, Jannis-Domenik"]
[Result "1/2-1/2"]
[WhiteElo "1856"]
[BlackElo "2022"]
[PlyCount "83"]
[EventDate "2019.??.??"]
[WhiteTeam "FC Bayern München"]
[BlackTeam "SG Bünde"]

1. d4 d6 2. c4 e5 3. Nc3 exd4 4. Qxd4 Nc6 5. Qd1 g6 6. Nf3 h6 7. g3 Bg7 8. Bg2
Be6 9. Nd5 Nf6 10. O-O O-O 11. Nd2 Re8 12. Re1 Rb8 13. Nf4 Bd7 14. Rb1 g5 15.
Nd5 Be6 16. b3 Ne5 17. Bb2 Nfd7 18. Nf3 c6 19. Nc3 Qe7 20. e4 Bg4 21. h3 Bh5
22. g4 Bg6 23. Nd4 Nc5 24. Nf5 Bxf5 25. exf5 Ncd3 26. Re3 Nxb2 27. Rxb2 Qc7 28.
Rbe2 Rbd8 29. Rc2 Qa5 30. Qd2 f6 31. Ne4 Qc7 32. Qd1 Kf7 33. Rd2 Bf8 34. Ree2
Rd7 35. Rd4 Red8 36. Red2 Be7 37. Kh1 Kg7 38. Kg1 Qb8 39. Nc5 dxc5 40. Rxd7
Rxd7 41. Rxd7 Nxd7 42. Qxd7 1/2-1/2

[Event "Sparkassen-Open A"]
[Site "Heusenstamm, Martinsee"]
[Date "2019.11.23"]
[Round "4.75"]
[White "Launert, Martin"]
[Black "Junker, Christian"]
[Result "0-1"]
[WhiteElo "1853"]
[BlackElo "2011"]
[PlyCount "76"]
[EventDate "2019.??.??"]
[WhiteTeam "Sfr. Erbach"]
[BlackTeam "SV Neu-Isenburg"]

1. e4 e5 2. Nf3 Nf6 3. Nxe5 d6 4. Nf3 Nxe4 5. d3 Nf6 6. d4 d5 7. Bd3 Be7 8. O-O
Nc6 9. c3 Ne4 10. Re1 f5 11. Bf4 O-O 12. Ne5 Bd6 13. f3 Nxe5 14. Bxe5 Bxe5 15.
dxe5 Nc5 16. f4 c6 17. b4 Ne4 18. Qc2 Qb6+ 19. Kf1 a5 20. a3 Bd7 21. Ra2 c5 22.
c4 cxb4 23. axb4 dxc4 24. Bxc4+ Kh8 25. bxa5 Qh6 26. Rxe4 fxe4 27. g3 Rac8 28.
Qe2 Qc6 29. Na3 e3 30. Qxe3 Qh1+ 31. Qg1 Bh3+ 32. Kf2 Qe4 33. Re2 Qd4+ 34. Re3
Rxc4 35. Nxc4 Qxc4 36. Qh1 Rd8 37. Qe1 Qc6 38. Rf3 Qc2+ 0-1

[Event "Sparkassen-Open A"]
[Site "Heusenstamm, Martinsee"]
[Date "2019.11.23"]
[Round "4.76"]
[White "Faber, Lutz"]
[Black "Fuß, Jean-Pierre"]
[Result "0-1"]
[WhiteElo "1839"]
[BlackElo "2008"]
[PlyCount "102"]
[EventDate "2019.??.??"]
[WhiteTeam "Zwickauer SC"]
[BlackTeam "SV Turm Sankt Augustin"]

1. d4 Nf6 2. Bf4 g6 3. Nc3 d5 4. Qd2 Bg7 5. Bh6 O-O 6. O-O-O c6 7. f3 b5 8. g4
Qa5 9. Bxg7 Kxg7 10. b3 Nbd7 11. h4 Qa3+ 12. Kb1 Nb6 13. Ka1 a5 14. e3 a4 15.
Nb1 Qd6 16. b4 e5 17. h5 Re8 18. hxg6 fxg6 19. Qh2 Ra7 20. a3 Rf7 21. Nh3 Rd7
22. Ng5 exd4 23. Qh6+ Kg8 24. exd4 Qf8 25. Qh4 Rde7 26. Bd3 Qg7 27. c3 Nbd7 28.
Rhe1 Nf8 29. Qf2 Qh6 30. Rxe7 Rxe7 31. Qd2 Ne6 32. Nxe6 Qxd2 33. Nxd2 Rxe6 34.
Nf1 Kg7 35. Kb2 Kh6 36. Kc2 Kg5 37. Kd2 Kf4 38. Be2 h5 39. gxh5 gxh5 40. Re1
Nh7 41. Bd1 Ng5 42. Rxe6 Bxe6 43. Ke2 Nxf3 44. Kf2 Ng5 45. Bxh5 Ne4+ 46. Ke2
Bh3 47. Be8 Bxf1+ 48. Kxf1 Nxc3 49. Bxc6 Ke3 50. Ke1 Kxd4 51. Bd7 Ke3 0-1

[Event "Sparkassen-Open A"]
[Site "Heusenstamm, Martinsee"]
[Date "2019.11.23"]
[Round "4.77"]
[White "Kürschner, Matthias"]
[Black "Eg, Karlheinz"]
[Result "1/2-1/2"]
[WhiteElo "1993"]
[BlackElo "1861"]
[PlyCount "148"]
[EventDate "2019.??.??"]
[WhiteTeam "SK Langen"]
[BlackTeam "SV Rüsselsheim"]

1. e4 e5 2. Bc4 Nf6 3. Nf3 Nc6 4. Ng5 d5 5. exd5 Na5 6. Bb5+ c6 7. dxc6 bxc6 8.
Qf3 Rb8 9. Bd3 Be7 10. O-O O-O 11. Nc3 h6 12. Nge4 Nd5 13. Ng3 Rb4 14. Qd1 f5
15. a3 Rh4 16. Be2 Nf4 17. d3 Bg5 18. Bf3 Qd6 19. Be3 a6 20. Na4 Nb7 21. b4 Nd5
22. Bd2 Qg6 23. Re1 Bf6 24. Bh5 Qh7 25. Rb1 Nd6 26. Nc5 g5 27. Be2 Nf4 28. Bf3
Nd5 29. c4 Ne7 30. Bc3 g4 31. Be2 Qg6 32. Nf1 f4 33. Ne4 Nxe4 34. dxe4 f3 35.
Bd3 fxg2 36. Kxg2 Qh5 37. Re3 Bg5 38. Rg3 Bf4 39. Rb2 Bxg3 40. fxg3 Rxf1 41.
Kxf1 Rxh2 42. Rxh2 Qxh2 43. Bxe5 Ng6 44. Bd6 Nh4 45. Qe2 Qh1+ 46. Kf2 Nf3 47.
Qf1 Qh2+ 48. Qg2 Qxg2+ 49. Kxg2 Ne1+ 50. Kf2 Nxd3+ 51. Ke3 Ne1 52. Kd4 Kf7 53.
Kc5 Bd7 54. Kb6 Ke6 55. Bf4 h5 56. Kxa6 Nd3 57. Bc7 Nb2 58. c5 Be8 59. Kb7 Kd7
60. Be5 Nc4 61. a4 Nxe5 62. a5 h4 63. a6 hxg3 64. a7 g2 65. a8=Q g1=Q 66. Qc8+
Ke7 67. Qc7+ Nd7 68. Qd6+ Kf7 69. Qf4+ Kg7 70. Qg5+ Kf8 71. Qh6+ Ke7 72. Qd6+
Kf7 73. Qf4+ Ke7 74. Qd6+ Kf7 1/2-1/2

[Event "Sparkassen-Open A"]
[Site "Heusenstamm, Martinsee"]
[Date "2019.11.23"]
[Round "4.78"]
[White "Reinhard, Stefan"]
[Black "Altenbernd, Dirk"]
[Result "1/2-1/2"]
[WhiteElo "1986"]
[BlackElo "1836"]
[PlyCount "35"]
[EventDate "2019.??.??"]
[WhiteTeam "SF Dettingen"]
[BlackTeam "SK Tönsberg Oerlinghausen"]

1. e4 g6 2. d4 Bg7 3. Nc3 c6 4. Be3 d5 5. Qd2 dxe4 6. Nxe4 Nd7 7. Nf3 Ngf6 8.
Nfg5 Nxe4 9. Nxe4 Nf6 10. Nxf6+ Bxf6 11. c3 Be6 12. Be2 O-O 13. O-O b5 14. a4
a6 15. b4 Bd5 16. Bd3 Bg7 17. f4 f5 18. a5 1/2-1/2

[Event "Sparkassen-Open A"]
[Site "Heusenstamm, Martinsee"]
[Date "2019.11.23"]
[Round "4.79"]
[White "Schellen, Sven"]
[Black "Blübaum, Johanna"]
[Result "0-1"]
[WhiteElo "1835"]
[BlackElo "1981"]
[PlyCount "66"]
[EventDate "2019.??.??"]
[WhiteTeam "SV Frankfurt Nord"]
[BlackTeam "SK Marburg"]

1. d4 d5 2. c4 e6 3. Nf3 Nf6 4. g3 Bb4+ 5. Nbd2 c6 6. Qc2 Nbd7 7. Bg2 O-O 8.
O-O Re8 9. e4 Nxe4 10. Nxe4 dxe4 11. Qxe4 Nf6 12. Qe2 Bd6 13. Rd1 Qa5 14. Ne5
Nd7 15. Bf4 Be7 16. Be4 g6 17. Qf3 f5 18. Bc2 Nxe5 19. Bxe5 Bd7 20. c5 b6 21.
Bb3 bxc5 22. dxc5 Qxc5 23. Rxd7 Qxe5 24. Qxc6 Bc5 25. Rc1 Rac8 26. Qh1 Qe2 27.
Kg2 Qxf2+ 28. Kh3 g5 29. Rf1 g4+ 30. Kh4 Qe3 31. Rxf5 Be7+ 32. Kxg4 Kh8 33. Qf3
exf5+ 0-1

[Event "Sparkassen-Open A"]
[Site "Heusenstamm, Martinsee"]
[Date "2019.11.23"]
[Round "4.80"]
[White "Huck, Robert"]
[Black "Gentner, Markus"]
[Result "1-0"]
[WhiteElo "1832"]
[BlackElo "1979"]
[PlyCount "61"]
[EventDate "2019.??.??"]
[WhiteTeam "SC Königsspringer Alzenau"]
[BlackTeam "SC Murrhardt"]

1. e4 c6 2. d4 d5 3. exd5 cxd5 4. Bd3 Nc6 5. c3 Qc7 6. h3 e6 7. Nf3 Bd6 8. O-O
h6 9. Re1 Nge7 10. Nbd2 Bd7 11. Qe2 O-O-O 12. Ne5 Bxe5 13. dxe5 g5 14. Nb3 Kb8
15. Nc5 Bc8 16. b4 Rdg8 17. b5 Na5 18. Be3 b6 19. Nb3 Nb7 20. Bd4 h5 21. a4 Nc5
22. Bxc5 bxc5 23. c4 Bb7 24. a5 Ng6 25. Bxg6 Rxg6 26. b6 Qc6 27. a6 Bc8 28. Na5
Qe8 29. Reb1 Bxa6 30. bxa7+ Kxa7 31. Qb2 1-0

[Event "Sparkassen-Open A"]
[Site "Heusenstamm, Martinsee"]
[Date "2019.11.23"]
[Round "4.81"]
[White "Wuerl, Roland"]
[Black "Körbel, Ekkehard"]
[Result "1-0"]
[WhiteElo "1876"]
[BlackElo "1827"]
[PlyCount "53"]
[EventDate "2019.??.??"]
[WhiteTeam "SK Dieburg"]
[BlackTeam "SK Geisenheim"]

1. d4 f5 2. Bg5 g6 3. Nc3 Bg7 4. e4 fxe4 5. f3 d5 6. fxe4 dxe4 7. Nge2 Nf6 8.
Qd2 Nc6 9. O-O-O Bg4 10. h3 Bxe2 11. Bxe2 Qd7 12. d5 Ne5 13. Bf4 Nh5 14. Bh2
Nf7 15. Kb1 Nd6 16. Bxd6 Qxd6 17. Bb5+ Kd8 18. Nxe4 Qb6 19. c4 a6 20. Ba4 Qa7
21. c5 b5 22. Bb3 Nf6 23. Ng5 Ke8 24. Ne6 Bf8 25. Rhe1 Nd7 26. Qc3 Rg8 27. d6
1-0

[Event "Sparkassen-Open A"]
[Site "Heusenstamm, Martinsee"]
[Date "2019.11.23"]
[Round "4.82"]
[White "Rutsatz, Mario"]
[Black "Viol, Julius"]
[Result "1-0"]
[WhiteElo "1978"]
[BlackElo "1782"]
[PlyCount "107"]
[EventDate "2019.??.??"]
[WhiteTeam "SF Frankfurt"]
[BlackTeam "FC Bierstadt"]

1. c4 e5 2. Nf3 Nc6 3. Nc3 Nf6 4. d4 exd4 5. Nxd4 Bb4 6. g3 Ne4 7. Nxc6 dxc6 8.
Qb3 Bxc3+ 9. bxc3 O-O 10. Bg2 Re8 11. O-O Nc5 12. Qc2 Be6 13. Be3 Qe7 14. Qb2
Rab8 15. Qa3 Na6 16. Qxe7 Rxe7 17. Bxa7 Rd8 18. Rfd1 Red7 19. Rxd7 Rxd7 20. Be3
Bxc4 21. Kf1 f6 22. Ke1 Rd6 23. Rb1 b5 24. Rb2 c5 25. a3 Kf7 26. h4 h6 27. h5
c6 28. Bf4 Re6 29. Bh3 Re8 30. Bd7 Re7 31. Bxc6 Nc7 32. Bxc7 Rxc7 33. Bxb5 Be6
34. c4 Bg4 35. a4 Ra7 36. Rd2 Bxh5 37. Rd5 Bg4 38. Rxc5 Ke7 39. Rc6 Bd7 40. Rb6
Kd8 41. Rd6 h5 42. Rxd7+ Rxd7 43. Bxd7 Kxd7 44. a5 Kc6 45. Kd2 Kb7 46. Ke3 Ka6
47. f4 Kxa5 48. f5 Kb6 49. Kd4 Kc6 50. c5 Kc7 51. Kd5 Kd7 52. c6+ Kc7 53. e3
Kd8 54. Kd6 1-0

[Event "Sparkassen-Open A"]
[Site "Heusenstamm, Martinsee"]
[Date "2019.11.23"]
[Round "4.83"]
[White "Lutterbach, Jakob"]
[Black "Ermitsch, Magnus"]
[Result "1-0"]
[WhiteElo "1707"]
[BlackElo "1881"]
[PlyCount "43"]
[EventDate "2019.??.??"]
[WhiteTeam "SK Bingen"]
[BlackTeam "Borussia Lichtenberg"]

1. e4 c5 2. Nf3 e6 3. d4 cxd4 4. Nxd4 Nc6 5. Nc3 Qc7 6. Be3 Nf6 7. f4 d6 8. Be2
Be7 9. O-O O-O 10. Qe1 Nxd4 11. Bxd4 e5 12. Be3 b6 13. Qg3 Kh8 14. Bd3 Qd8 15.
h3 Nh5 16. Qf3 exf4 17. Qxh5 g6 18. Bd4+ Bf6 19. Bxf6+ Qxf6 20. Qh6 Qd4+ 21.
Kh1 Bb7 22. Rxf4 1-0

[Event "Sparkassen-Open A"]
[Site "Heusenstamm, Martinsee"]
[Date "2019.11.23"]
[Round "4.84"]
[White "Schmitt, Clemens"]
[Black "Kalepky, Helmut"]
[Result "0-1"]
[WhiteElo "1796"]
[BlackElo "1973"]
[PlyCount "64"]
[EventDate "2019.??.??"]
[WhiteTeam "SV Bergwinkel"]
[BlackTeam "SF Heidesheim"]

1. c4 c5 2. g3 g6 3. Bg2 Bg7 4. Nc3 Nc6 5. d3 e6 6. Bxc6 dxc6 7. f4 e5 8. fxe5
Bxe5 9. Nf3 Bg7 10. O-O Nh6 11. Bg5 f6 12. Be3 Qe7 13. Ne4 b6 14. Bf4 Nf7 15.
Qc2 Bf5 16. Nf2 g5 17. Bd2 h5 18. Rfe1 Qd7 19. e4 Bg4 20. e5 O-O-O 21. e6 Bxe6
22. Bc3 h4 23. Rad1 hxg3 24. hxg3 Bg4 25. Nxg4 Qxg4 26. Qg2 Rh3 27. Kf2 Kc7 28.
Re7+ Rd7 29. Rde1 Nd6 30. Nh2 Qf5+ 31. Nf3 g4 32. Rxd7+ Kxd7 0-1

[Event "Sparkassen-Open A"]
[Site "Heusenstamm, Martinsee"]
[Date "2019.11.23"]
[Round "4.85"]
[White "Berberich, Christoph"]
[Black "Atasoy, Tarik"]
[Result "1-0"]
[WhiteElo "1958"]
[BlackElo "1805"]
[PlyCount "67"]
[EventDate "2019.??.??"]
[WhiteTeam "SGEM Dreisamtal"]
[BlackTeam "SV Letmathe"]

1. d4 c5 2. e3 Nf6 3. Nf3 d6 4. c4 Nc6 5. Be2 g6 6. O-O Bd7 7. Nc3 Bg7 8. d5
Nb4 9. a3 Na6 10. e4 Ng4 11. Bd2 O-O 12. Ne1 Qc8 13. h3 Nf6 14. f4 Ne8 15. Nd3
b6 16. Kh1 Nac7 17. Rb1 b5 18. b3 a5 19. e5 b4 20. axb4 axb4 21. Ne4 Bf5 22.
Bf3 Ra2 23. Ra1 Qa6 24. Rxa2 Qxa2 25. Qb1 Qa3 26. Bc1 Qa5 27. Bb2 Na6 28. Qa1
Qb6 29. g4 Bd7 30. Qa2 Nac7 31. exd6 exd6 32. Bxg7 Kxg7 33. Qb2+ f6 34. Nxf6
1-0

[Event "Sparkassen-Open A"]
[Site "Heusenstamm, Martinsee"]
[Date "2019.11.23"]
[Round "4.86"]
[White "Wachsmann, Elmar"]
[Black "Zimmer, Gerald"]
[Result "1-0"]
[WhiteElo "1777"]
[BlackElo "1958"]
[PlyCount "79"]
[EventDate "2019.??.??"]
[WhiteTeam "SC Groß-Umstadt"]
[BlackTeam "SC Bergen-Enkheim"]

1. d4 Nf6 2. c4 e6 3. Nc3 Bb4 4. e3 O-O 5. Bd3 d5 6. Nf3 c5 7. O-O Nc6 8. a3
Bxc3 9. bxc3 Qc7 10. Qc2 b6 11. cxd5 exd5 12. Re1 Re8 13. Nd2 cxd4 14. cxd4 Qd6
15. Bb2 Bb7 16. Rad1 Rac8 17. Qb1 h6 18. f3 Rcd8 19. Nf1 Kh8 20. Ng3 Qc7 21.
Qc2 Qb8 22. Qf2 Ne7 23. e4 Nh7 24. e5 Nf8 25. f4 Ng8 26. Bc1 Qc7 27. f5 Qe7 28.
Nh5 Nh7 29. h4 Qc7 30. Qg3 f6 31. Nf4 Nf8 32. Nh5 Nh7 33. Bf4 Qf7 34. Qg4 Bc8
35. e6 Qb7 36. Rc1 Re7 37. Rc2 a6 38. Rec1 Rde8 39. Rc7 Qa8 40. Bd6 1-0

[Event "Sparkassen-Open A"]
[Site "Heusenstamm, Martinsee"]
[Date "2019.11.23"]
[Round "4.87"]
[White "Lehmann, Tim"]
[Black "Westendorp, Christian"]
[Result "1/2-1/2"]
[WhiteElo "1955"]
[BlackElo "1821"]
[PlyCount "53"]
[EventDate "2019.??.??"]
[WhiteTeam "SV Lahn Limburg"]
[BlackTeam "SK Holsterhausen"]

1. d4 Nf6 2. Bf4 g6 3. Nc3 Bg7 4. e4 d6 5. Qd2 O-O 6. O-O-O Nbd7 7. Nf3 c5 8.
d5 b5 9. Bxb5 Rb8 10. Rhe1 Qa5 11. e5 dxe5 12. Nxe5 Rxb5 13. Nxb5 Qxb5 14. c4
Qa6 15. b3 Qa3+ 16. Kb1 Nxe5 17. Bxe5 Bf5+ 18. Ka1 Rb8 19. Qb2 Qxb2+ 20. Kxb2
Ne4 21. Bxg7 Kxg7 22. Re2 Kf8 23. Rde1 Nd6 24. Kc3 Rb7 25. f3 h5 26. a3 a5 27.
g3 1/2-1/2

[Event "Sparkassen-Open A"]
[Site "Heusenstamm, Martinsee"]
[Date "2019.11.23"]
[Round "4.88"]
[White "Hoppstädter, Daniel"]
[Black "Berkes, Alexander"]
[Result "0-1"]
[WhiteElo "1757"]
[BlackElo "1833"]
[PlyCount "58"]
[EventDate "2019.??.??"]
[WhiteTeam "SC Illingen"]
[BlackTeam "SK Langen"]

1. d4 Nf6 2. c4 g6 3. f3 d6 4. e4 Bg7 5. Ne2 O-O 6. Be3 c5 7. d5 Nfd7 8. Nec3
b5 9. cxb5 a6 10. Qd2 Re8 11. h4 h5 12. Na3 Ne5 13. Be2 axb5 14. Naxb5 Qa5 15.
Kf2 Ba6 16. g4 hxg4 17. f4 Nf3 18. Bxf3 gxf3 19. a4 Nd7 20. Kxf3 Reb8 21. Qg2
Bxb5 22. Nxb5 Qb4 23. Rab1 Rxa4 24. Nc3 Bxc3 25. bxc3 Qxe4+ 26. Kg3 Qxe3+ 27.
Qf3 Qxf3+ 28. Kxf3 Rxb1 29. Rxb1 Nf6 0-1

[Event "Sparkassen-Open A"]
[Site "Heusenstamm, Martinsee"]
[Date "2019.11.23"]
[Round "4.89"]
[White "Rüll, Michael"]
[Black "Krychevskiy, Dmytro"]
[Result "1-0"]
[WhiteElo "1742"]
[BlackElo "1947"]
[PlyCount "67"]
[EventDate "2019.??.??"]
[WhiteTeam "SC Obertshausen"]
[BlackTeam "SV Oberursel"]

1. d4 c6 2. c3 Nf6 3. Bf4 d5 4. e3 Bf5 5. f3 Nbd7 6. g4 Bxb1 7. Rxb1 e6 8. Bd3
c5 9. Ne2 c4 10. Bc2 b5 11. O-O Nb8 12. b3 Qa5 13. bxc4 dxc4 14. Rxb5 Qd8 15.
Ba4 Nfd7 16. d5 Na6 17. dxe6 fxe6 18. Rb7 Nac5 19. Bxd7+ Nxd7 20. Qa4 Qe7 21.
Rd1 Rd8 22. Bg5 Qxg5 23. Rdxd7 Qxe3+ 24. Kf1 Qxf3+ 25. Ke1 Qh1+ 26. Kd2 Be7 27.
Rxd8+ Kf7 28. Rxe7+ Kxe7 29. Qd7+ Kf6 30. Qd4+ Ke7 31. Rxh8 Qxh2 32. Qxg7+ Kd6
33. Rxh7 Qg2 34. Qc7+ 1-0

[Event "Sparkassen-Open A"]
[Site "Heusenstamm, Martinsee"]
[Date "2019.11.23"]
[Round "4.90"]
[White "Stumpf, Daniel"]
[Black "Füssel, Jan Michael"]
[Result "0-1"]
[WhiteElo "1947"]
[BlackElo "1792"]
[PlyCount "80"]
[EventDate "2019.??.??"]
[WhiteTeam "SW Lichtenrade"]
[BlackTeam "VSG Offenbach"]

1. c4 b6 2. Nc3 c5 3. Nf3 Nf6 4. g3 Bb7 5. Bg2 g6 6. O-O Bg7 7. Rb1 O-O 8. a3
d5 9. Ne5 e6 10. b4 cxb4 11. axb4 Nbd7 12. f4 Qc8 13. Nxd7 Qxd7 14. c5 d4 15.
Bxb7 Qxb7 16. Nb5 bxc5 17. bxc5 a6 18. Nc3 Qc7 19. Na4 Nd5 20. Ba3 Rfb8 21. Qc2
Qc6 22. Qc4 Rb5 23. Rb3 Rab8 24. Rfb1 h5 25. Rxb5 Rxb5 26. Rb3 h4 27. Kf2 hxg3+
28. hxg3 e5 29. e3 dxe3+ 30. dxe3 exf4 31. gxf4 Nf6 32. Nc3 Ng4+ 33. Ke2 Qg2+
34. Kd3 Qf1+ 35. Ne2 Qd1+ 36. Ke4 Rxb3 37. Bc1 a5 38. Kf3 Nf6 39. c6 Qh1+ 40.
Kg3 Ne4+ 0-1

[Event "Sparkassen-Open A"]
[Site "Heusenstamm, Martinsee"]
[Date "2019.11.23"]
[Round "4.91"]
[White "Modric, Vladimir"]
[Black "Kirchmann, Sascha"]
[Result "1/2-1/2"]
[WhiteElo "1930"]
[BlackElo "1708"]
[PlyCount "116"]
[EventDate "2019.??.??"]
[WhiteTeam "SC Nied"]
[BlackTeam "SC Obertshausen"]

1. Nf3 d5 2. g3 Nf6 3. Bg2 e6 4. O-O Be7 5. d3 O-O 6. Nbd2 c5 7. e4 dxe4 8.
dxe4 Nc6 9. c3 Qc7 10. Qe2 Rb8 11. Re1 b5 12. Nf1 Bb7 13. Bg5 h6 14. Bf4 e5 15.
Bd2 Rfd8 16. Rad1 Na5 17. Nh4 Nc4 18. Bc1 Rxd1 19. Qxd1 Rd8 20. Qe2 Nd6 21. Nd2
c4 22. Nf5 Bf8 23. g4 Nd7 24. h4 g6 25. Ng3 Nc5 26. Ndf1 Nd3 27. Rd1 Re8 28.
Ne3 Nf4 29. Qc2 Rd8 30. Nd5 Bxd5 31. exd5 Nxg2 32. Kxg2 Qd7 33. Qe2 Re8 34. h5
Bg7 35. g5 hxg5 36. hxg6 fxg6 37. Bxg5 Nf7 38. Bc1 Nd6 39. Ne4 Nxe4 40. Qxe4
Qf5 41. f3 Kf7 42. Rh1 Rh8 43. Rxh8 Bxh8 44. Be3 a6 45. b3 Qc8 46. d6 cxb3 47.
Qd5+ Ke8 48. axb3 Kd7 49. Bc5 a5 50. c4 bxc4 51. bxc4 Bf6 52. Bb6 Bd8 53. Bxd8
Qxd8 54. Qxe5 a4 55. c5 Kc6 56. Qe4+ Kxc5 57. Qxa4 Qg5+ 58. Kf2 Qd2+ 1/2-1/2

[Event "Sparkassen-Open A"]
[Site "Heusenstamm, Martinsee"]
[Date "2019.11.23"]
[Round "4.92"]
[White "Mueller, Thorsten"]
[Black "Weber, Samuel"]
[Result "0-1"]
[WhiteElo "2053"]
[BlackElo "2291"]
[PlyCount "100"]
[EventDate "2019.??.??"]
[WhiteTeam "VSG Offenbach"]
[BlackTeam "SV Oberursel"]

1. d4 Nf6 2. Nf3 d5 3. Bf4 e6 4. e3 Bd6 5. Ne5 O-O 6. Nd2 c5 7. c3 Nc6 8. Bd3
Ne7 9. h4 b6 10. Ndf3 Bb7 11. Ng5 Nf5 12. Qf3 Qc7 13. Qh3 cxd4 14. cxd4 Ne4 15.
O-O Qe7 16. Nxe4 dxe4 17. Bc4 Bxe5 18. Bxe5 Qxh4 19. Qxh4 Nxh4 20. Rac1 Rac8
21. Bb5 Rfd8 22. g4 Nf3+ 23. Kg2 Nxe5 24. dxe5 Rc5 25. Rfd1 Rxd1 26. Rxd1 Bd5
27. a4 a5 28. Rd2 h6 29. Kg3 Rc1 30. Kg2 Kh7 31. Rd4 Kg6 32. Be8 Rc7 33. b4 Kg5
34. bxa5 bxa5 35. Bb5 Rc2 36. Kg3 Rc1 37. f4+ exf3 38. e4 Bb3 39. Kxf3 Rc3+ 40.
Kf2 Kxg4 41. Rd7 Rf3+ 42. Kg2 Rf4 43. Rd3 Bc2 44. Rg3+ Kh4 45. Rh3+ Kg5 46. Be2
Bxe4+ 47. Kg3 Bg6 48. Bb5 Re4 49. Kf3 Rxe5 50. Rg3+ Kf6 0-1